Les royaumes de feu - Statistiques

Statistiques générales
  • Ce quiz a été pris 124 fois
  • Le résultat moyen est 10 sur 15
Statistiques - réponses
Hint Réponse % Correct
Livre 1 La prophétie
93%
Livre 2 La princesse disparue
89%
Livre 5 La nuit-la-plus-claire
77%
Livre 6 La montagne de jade
76%
Livre 3 Au cœur de la jungle
72%
Livre 7 Le piège de glace
70%
Livre 4 L'île au secret
68%
Livre 8 La mission de Péril
67%
Livre 9 Les serres du pouvoir
62%
Livre 10 La tempête de sable
60%
Livre 11 Le continent perdu
55%
Livre 12 Les rebelles de Pantala
52%
Livre 14 Le trésor interdit
52%
Livre 13 Le souffle du mal
51%
Livre 15 Les flammes de l'espoir
41%
Aucun quiz correspondant
Distribution des résultats
% des personnes avec chaque résultat
Percentile par nombre de réponses
Votre historique - résultats
Vous n’avez pas pris ce quiz